Statistical analysis for the social sciences /

This book is about: Social statistics and measurement; Displaying data; Numerical summaries of data; A continuous probability distribution; ...

में बचाया:
ग्रंथसूची विवरण
मुख्य लेखक: Kurtz, Norman R.
स्वरूप: पुस्तक
भाषा:English
प्रकाशित: Boston : Allyn and Bacon, 1999.
विषय:
टैग : टैग जोड़ें
कोई टैग नहीं, इस रिकॉर्ड को टैग करने वाले पहले व्यक्ति बनें!
Thư viện lưu trữ: Mạng thư viện Đại học Đà Nẵng
LEADER 01017cam a2200337 i 4500
001 000049643
003 9652
005 20051111144104.0
008 010406b1999 vm 000 eng
020 |a 020528972X 
040 |a IRC  |c IRC  |d IRC 
041 0 |a eng 
082 1 4 |a 519.5  |b KU-N 
100 1 |a Kurtz, Norman R. 
245 0 0 |a Statistical analysis for the social sciences /  |c Norman R. Kurtz. 
260 |a Boston :  |b Allyn and Bacon,  |c 1999. 
300 |a xvii, 379 p. :  |b ill. ;  |c 23.5cm. 
520 3 |a This book is about: Social statistics and measurement; Displaying data; Numerical summaries of data; A continuous probability distribution; ... 
630 0 4 |a Social sciences. 
630 0 4 |a Statistical methods. 
650 0 4 |a Social sciences  |x Statistical methods. 
OWN |a DUT 
999 |a From the UDN01 
TYP |a Monograph 
TYP |a Printed language 
980 |a Mạng thư viện Đại học Đà Nẵng